000 00738cam a22002413a 4500
001 4523
003 PGUSA
005 20140828083057.0
008 031001s2003||||xxu|||||s|||||000 | eng d
040 _aPGUSA
_beng
042 _adc
050 4 _aMT
100 1 _aWagner, Richard,
_d1813-1883
245 1 0 _aOn Conducting (Üeber Das Dirigiren) :
_bA Treatise on Style in the Execution of Classical Music
_h[electronic resource] /
_cRichard Wagner
260 _bProject Gutenberg,
_c2003
506 _aPublic domain in the USA.
516 _aElectronic text
653 _aConducting
700 1 _aDannreuther, Edward,
_d1844-1905
830 0 _aProject Gutenberg
_v4523
856 4 0 _uhttp://www.gutenberg.org/ebooks/4523
942 _cEB
999 _c233852
_d233852